Colour in dyehouse effluent / (Record no. 172508)

MARC details
000 -LEADER
fixed length control field 00842 am a22002537a 4500
001 - CONTROL NUMBER
control field 012307142
003 - CONTROL NUMBER IDENTIFIER
control field OSt
005 - DATE AND TIME OF LATEST TRANSACTION
control field 20260203105435.0
008 - FIXED-LENGTH DATA ELEMENTS--GENERAL INFORMATION
fixed length control field 950727s1995 enka || 001 ||eng
020 ## - INTERNATIONAL STANDARD BOOK NUMBER
International Standard Book Number 0901956694 (paperback)
040 ## - CATALOGING SOURCE
Original cataloging agency Uk
Transcribing agency NUST
Language of cataloging eng
Modifying agency NUST
Description conventions rda
050 ## - LIBRARY OF CONGRESS CALL NUMBER
Classification number TD195.T48 COL
100 ## - MAIN ENTRY--PERSONAL NAME
Personal name Peter Cooper
Relator term editor
245 00 - TITLE STATEMENT
Title Colour in dyehouse effluent /
Statement of responsibility, etc. edited by Peter Cooper.
260 ## - PUBLICATION, DISTRIBUTION, ETC.
Place of publication, distribution, etc. Bradford :
Name of publisher, distributor, etc. Society of Dyers and Colourists,
Date of publication, distribution, etc. ©1995.
300 ## - PHYSICAL DESCRIPTION
Extent vii, 200pages.
Other physical details illustrations
Dimensions 26 cm
336 ## - CONTENT TYPE
Content type term text
Source rdacontent
Content type code txt
337 ## - MEDIA TYPE
Media type term unmediated
Source rdamedia
Media type code n
338 ## - CARRIER TYPE
Carrier type term volume
Source rdacarrier
Carrier type code nc
504 ## - BIBLIOGRAPHY, ETC. NOTE
Bibliography, etc. note Includes Bibliographical References and index
650 ## - SUBJECT ADDED ENTRY--TOPICAL TERM
Topical term or geographic name entry element Colour in effluent
650 ## - SUBJECT ADDED ENTRY--TOPICAL TERM
Topical term or geographic name entry element The problem of colour
942 ## - ADDED ENTRY ELEMENTS (KOHA)
Source of classification or shelving scheme Library of Congress Classification
Suppress in OPAC No
Koha item type Ordinary Loan Books
Classification part TD195.T48 COL
Call number prefix TD
Call number suffix COL
Holdings
Withdrawn status Lost status Source of classification or shelving scheme Damaged status Not for loan Collection Home library Current library Shelving location Date acquired Source of acquisition Cost, normal purchase price Total Checkouts Full call number Barcode Date last seen Accession number Cost, replacement price Price effective from Koha item type Public note
    LCC     NFIC MAIN MAIN GEN 11/24/2025 Book Aid International 60.00   TD195.T48 COL 92003016680 11/24/2025 01/374 60.00 11/24/2025 BOOKS Purchase